000 00381nam a22001577a 4500
999 _c7601
_d7601
003 GBCCL
005 20241126110632.0
008 180829b ||||| |||| 00| 0 eng d
040 _cgbc
082 _aVER 920
_bVAL
100 _aValte, Doutluang
_913419
245 _aKhantawn hinna:
_bThangkhum tanchin
260 _aLamka:
_bAuthor,
_c1987.
300 _a118p. ;
942 _2ddc
_cBK